000
00273nam a2200121 a 4500
008
101022s1965|||| d
100
1
_a
Larni, Martti
245
1
0
_a
Krásna Minna
260
_b
Smena
_a
Bratislava
_c
1965
041
_a
slo
020
_c
12,50
044
_a
xo
_c
SK
999
_c
12018
_d
12018